[Event "SUI-ch op"]
[Site "Leukerbad"]
[Date "2007.07.16"]
[Round "5"]
[White "Rindlisbacher, Ernst"]
[Black "Bur, Alexandre"]
[Result "1/2-1/2"]
[WhiteElo "1900"]
[BlackElo "2021"]
[PlyCount "32"]
[EventDate "2007.07.12"]
[EventType "swiss"]
[EventRounds "9"]
[EventCountry "SUI"]
[SourceTitle "CBM 119 Extra"]
[Source "ChessBase"]
[SourceDate "2007.09.04"]
[SourceVersion "1"]
[SourceVersionDate "2007.09.04"]
[SourceQuality "1"]

1. d4 Nf6 2. Nc3 d5 3. Bg5 Nbd7 4. Qd3 e6 5. e4 dxe4 6. Nxe4 Be7 7. Nxf6+ Nxf6 8. Nf3 0-0 9. 0-0-0 c5 10. Qb3 Qc7 11. dxc5 Qxc5 12. Be3 Qc7 13. Qc4 Qa5 14. Bd2 Qc5 15. Be3 Qa5 16. Bd2 Qc5 1/2-1/2

[Event "SUI-ch op"]
[Site "Leukerbad"]
[Date "2007.07.13"]
[Round "2"]
[White "Bur, Alexandre"]
[Black "Jaccard, Jonathan"]
[Result "1/2-1/2"]
[WhiteElo "2021"]
[BlackElo "1912"]
[PlyCount "46"]
[EventDate "2007.07.12"]
[EventType "swiss"]
[EventRounds "9"]
[EventCountry "SUI"]
[SourceTitle "CBM 119 Extra"]
[Source "ChessBase"]
[SourceDate "2007.09.04"]
[SourceVersion "1"]
[SourceVersionDate "2007.09.04"]
[SourceQuality "1"]

1. e4 d6 2. d4 Nf6 3. Nc3 g6 4. Nf3 Bg7 5. Be2 0-0 6. 0-0 c6 7. h3 Nbd7 8. Be3 e5 9. d5 Qc7 10. Qd2 Rd8 11. Bg5 a6 12. a4 c5 13. Rfe1 b6 14. Bf1 Nf8 15. Nd1 Rb8 16. c4 Bd7 17. Nc3 Rdc8 18. Bd3 Ne8 19. Qc2 Bf6 20. Bh6 Bg7 21. Bg5 Bf6 22. Bh6 Bg7 23. Bg5 Bf6 1/2-1/2